Monnaies par symboles : Europe - Mort Subite - Statistiques

Statistiques générales
  • Ce quiz a été pris 49 fois
  • Le résultat moyen est 9 sur 19
Answers on the Grid
Answers color-coded by a green-red scale on the quiz's grid according to % correct below.
L
Br
KM
Лв
Kr
ft
Íkr
CHF
Ден
lei
RSD
£
$
%
Jv
§
Nu
ر.ق
FCFA
“元”
;/
Otz
TT
 
Statistiques - réponses
Réponse % Correct
Euro
98%
Livre sterling (Royaume-Uni) £
72%
Franc Suisse (et Liechtenstein) CHF
72%
Couronne tchèque
55%
Zloty (Pologne)
55%
Rouble russe
49%
Dinar serbe RSD
49%
Mark Bosnie KM
45%
Lev Bulgare Лв
43%
Couronne danoise et norvégienne Kr
43%
Leu roumain lei
43%
Denar macédonien Ден
38%
Rouble biélorusse Br
38%
Lek (Albanie) et Leu moldave L
36%
Couronne islandaise Íkr
34%
Livre turque
32%
Hryvnia (Ukraine)
32%
Lari (Géorgie)
28%
Forint (Hongrie) ft
26%
Aucun quiz correspondant
Distribution des résultats
% des personnes avec chaque résultat
Percentile par nombre de réponses
Votre historique - résultats
Vous n’avez pas pris ce quiz